| 000 | 00967cam a2200385 4500 | ||
|---|---|---|---|
| 001 | ABS67906 | ||
| 008 | 040629n2004 000 0 eng u | ||
| 035 | _a(Sirsi) u126626 | ||
| 245 | _aFocus 1 update: Beds, Herts and Essex | ||
| 260 | _c2004 | ||
| 490 |
_aEstates Gazette _v(0425) 19 June 2004, 83-97(8) |
||
| 590 | _aABS | ||
| 590 | _aABS | ||
| 650 | _aBEDFORDSHIRE | ||
| 650 | _aHERTFORDSHIRE | ||
| 650 | _aESSEX | ||
| 650 | _aHEMEL HEMPSTEAD | ||
| 650 | _aBISHOPS STORTFORD | ||
| 650 | _aHATFIELD | ||
| 650 | _aHARLOW | ||
| 650 | _aLUTON | ||
| 650 | _aBEDFORD | ||
| 650 | _aWATFORD | ||
| 650 | _aST ALBANS | ||
| 650 | _aWELWYN | ||
| 650 | _aBASILDON | ||
| 650 | _aCOLCHESTER | ||
| 650 | _aCHELMSFORD | ||
| 650 | _aHARWICH | ||
| 650 | _aPROPERTY-COMMERCIAL PROPERTY-RETAIL PROPERTY-RETAIL PROPERTY MARKET | ||
| 650 | _aOFFICE MARKET | ||
| 650 | _aINDUSTRIAL MARKET | ||
| 690 | _aCOMMERCIAL PROPERTY-MARKET | ||
| 942 | _n0 | ||
| 999 |
_c117609 _d117609 |
||